| 000 | 01312cam a2200349 4500 | ||
|---|---|---|---|
| 008 | 090401t1998 xxu||||| |||| 00| 0 eng d | ||
| 020 | _a0727727303 | ||
| 035 | _a(Sirsi) u89379 | ||
| 041 | _aeng | ||
| 050 | _a658.1552 | ||
| 100 | _aMale, Steven | ||
| 245 | _aValue management : the value management benchmark : research results of an international benchmarking study. | ||
| 260 |
_aLondon _bThomas Telford _c1998 |
||
| 300 | _a70p. ; 30cm. | ||
| 350 | _a30 | ||
| 500 | _aCD-ROM version also available (L145146). | ||
| 520 | _aThis document has been produced as part of a three year research programme, funded by the EPSRC Innovative Manufacturing Initiative, to benchmark value management practices from around the world. As well as detailing the methodologies used, this report also provides an insight on the origins of value management and future developments. | ||
| 650 | _aBENCHMARKING | ||
| 650 | _aEPSRC | ||
| 650 | _aMANAGEMENT-PROJECT MANAGEMENT | ||
| 650 | _aVALUE MANAGEMENT | ||
| 650 | _aCD-ROM | ||
| 690 |
_aProject management _96261 |
||
| 700 | _aKelly, John | ||
| 700 | _aFernie, Scott | ||
| 700 | _aGronqvist, Marcus | ||
| 700 | _aBowles, Graeme | ||
| 710 | _aHeriot-Watt University | ||
| 710 |
_aUniversity of Leeds _93699 |
||
| 942 | _n0 | ||
| 948 | _c29/10/1998 | ||
| 999 |
_c97457 _d97457 |
||